00259nam a22000857a 4500008004100000100002100041245004700062260005500109300000900164260601b |||||||| |||| 00| 0 eng d aNagasampige, A V aSruti Siddhant Samgraha of Vanamali Misra  aBangalorebPoornaprajna Samshodhana Mandiramc2002 a296p